000 00175 a2200085 4500
245 _aThings fall apart
_hText
100 _aChinua Achebe
650 _aliterature
005 20191017173420.0
084 _aNONE
999 _c10227
_d10227